000 01317cad a22002535a 4500
001 L151706
008 101203s2010 xxk f 000 0 eng d
020 _a9781409826255
035 _a(Sirsi) u151706
041 0 _aeng
050 0 4 _a306.1218
100 1 _aCoombes, Mike
245 0 0 _aGeography of housing market areas
_bfinal report
_h[electronic resources]
260 _aLondon
_bDCLG
_c2010
505 2 _aIntroduction -- Theoretical perspective -- Housing market areas for strategic housing market assessments -- Constructing housing market area geographies -- A review of approaches and findings -- Standardised house prices -- Implications for spatial planning -- Conclusions and implications -- Supporting papers
520 _aCommissioned by the National Housing and Planning Advice Unit to construct a consistent geography of housing market areas for England. Geography will assist spatial planning of future affordable housing development.
590 _aKA
651 4 _aEngland
_y886-
690 _aPROPERTY-RESIDENTIAL PROPERTY-DOMESTIC RESIDENTIAL PROPERTY-HOUSING
691 _aPROPERTY-RESIDENTIAL PROPERTY
700 1 _aWong, Cecilia
856 4 0 _uhttps://www.communities.gov.uk/documents/statistics/pdf/1785484.pdf
_zView this item free of charge at www.communities.gov.uk
942 _n0
999 _c111554
_d111554